| 000 | 00631nam a2200181 4500 | ||
|---|---|---|---|
| 008 | 060404s2000 enk bc 000 0 eng | ||
| 020 | _a0521770122 :USD40.69 | ||
| 090 |
_aZ7771.M3 _bEl5b |
||
| 100 | 1 |
_aElliott, J. K. _q(James Keith) |
|
| 245 | 1 | 2 |
_aA bibliography of Greek New Testament manuscripts / _cJ.K. Elliott. |
| 250 | _a2nd ed. | ||
| 260 |
_aCambridge, U.K. ; _aNew York : _bCambridge University Press, _c2000. |
||
| 300 |
_axxv, 286 p. ; _c23 cm. |
||
| 440 |
_aMonograph series / Society for New Testament Studies ; _v109 |
||
| 630 | 0 | 4 |
_aBible. _pN.T. _xManuscripts, Greek _xCatalogs. |
| 942 | _2lcc | ||
| 951 | _x00032704 | ||
| 999 |
_c26342 _d26342 |
||